Sports Quiz

Random Sports or MLB Quiz

Retired MLB Teams Quiz Stats

 Plays Quiz not verified by Sporcle

Challenge
Share
Tweet
Embed
Score 0/57 Timer 07:00
0 Plays Today
% Correct
Dodgers
65%
Expos
60%
Giants
60%
Reds
60%
Browns
55%
Red Stockings
50%
Braves
50%
Pilots
50%
White Stockings
45%
Beaneaters
45%
Red Stockings
45%
Braves
45%
Devil Rays
40%
Orphans
40%
Highlanders
40%
Colt .45s
40%
Naps
35%
Angels
35%
Angels
35%
Angels
35%
A's
35%
A's
35%
Athletics
35%
Blue Jays
30%
Athletics
30%
Marlins
30%
Trolley Dodgers
25%
Quakers
25%
Gothams
25%
% Correct
Metropolitans
25%
Redlegs
25%
Colts
25%
Perfectos
25%
Lake Shores
25%
Eclipse
25%
Robins
20%
Americans
20%
Grays
20%
Brown Stockings
20%
Blues
20%
Colonels
20%
Doves
15%
Broncos
15%
Senatrs
15%
Bridegrooms
10%
Grooms
10%
Superbas
10%
Bees
10%
Wolves
10%
Wolverines
10%
Rustlers
10%
Alleghenys
10%
Rustlers
5%
Apostles
5%
Cornhuskers
5%
Creams
0%
Innocents
0%

You're not logged in!

Compare scores with friends on all Sporcle quizzes.
Join for Free
OR
Log In

You Might Also Like...

Show Comments

Extras

Created Apr 13, 2012ReportNominate
Tags:Baseball Quiz, MLB Quiz, retired, team

Top Quizzes Today


Score Distribution

Your Account Isn't Verified!

In order to create a playlist on Sporcle, you need to verify the email address you used during registration. Go to your Sporcle Settings to finish the process.

Report this User

Report this user for behavior that violates our Community Guidelines.

Details: